000
00309nam a22001217a 4500
003
SGT
082
_a
617.51
_b
L16H
100
_a
HUSSAIN, S MUSHEER
245
_a
LOGANTURNERS DISEASES OF THE NOSE THROAT AND EAR HEAD AND NECK SURGERY
260
_a
LONDON
_b
CRC PRESS
_c
2016
300
_a
731
942
_2
ddc
_c
BK
_0
3
999
_c
14359
_d
14359